• 首页
  • 本馆介绍
  • 公告通知
  • 最新文献
  • 馆藏检索
  • 电子资源
  • 读者导购
  • 参考咨询
  • 我的图书馆
  • 登录
  • 详细信息显示
  • 放入我的书架
  • 预约/预借图书
  • 作者相关作品
  • 分类相关作品
  • 丛书相关作品
  • 出版社相关作品

书目信息

  • 表格格式
  • 工作单格式
  • 卡片格式
题名:
电子政务发展前沿
    
 
作者: 沈大风 主编
分册: 2014  
出版信息: 北京   中国经济出版社  2014
页数: 208页
开本: 24cm
丛书名:
单 册:
中图分类: D035-39
科图分类:
主题词: 电子政务--Dian Zi Zheng Wu--研究
电子资源:
ISBN: 978-7-5136-3160-0
000 01085nam0 22002411 450
001 0101082525
005 20161201101026.98
010    @a978-7-5136-3160-0@dCNY68.00
100    @a20140626d2014 em y0chiy50 ea
101 0  @achi
102    @aCN@b110000
105    @ay z 000yy
106    @ar
200 1  @a电子政务发展前沿@ADian Zi Zheng Wu Fa Zhan Qian Yan@h2014@dE-government frontiers@h2014@f沈大风主编@zeng
210    @a北京@c中国经济出版社@d2014
215    @a208页@d24cm
330    @a本书对近一年美、英、日、澳等国电子政务领域在促进开放共享、加强安全保障和发展趋势方面进行了精心选择、严谨释译和认真撰写。书中重点聚焦引领全球政务信息化发展趋势的三项代表性技术,即移动技术、大数据和云计算在电子政务深度应用方面的战略规划,以反映电子政务建设在提高发达国家政府运转的效率效能,以及进一步改革政府组织架构、运行机制和治理能力等方面的经验和做法。
510 1  @aE-government frontiers@h2014@zeng
606 0  @a电子政务@ADian Zi Zheng Wu@x研究
690    @aD035-39@v5
701  0 @a沈大风@AShen Da Feng@4主编
801  0 @aCN@bTANGWEI@c20161128
905    @b0952207-11@dD035-39@e131@f5
    
    电子政务发展前沿.2014=E-government frontiers.2014/沈大风主编.-北京:中国经济出版社,2014
    208页;24cm
    
    
    ISBN 978-7-5136-3160-0:CNY68.00
    本书对近一年美、英、日、澳等国电子政务领域在促进开放共享、加强安全保障和发展趋势方面进行了精心选择、严谨释译和认真撰写。书中重点聚焦引领全球政务信息化发展趋势的三项代表性技术,即移动技术、大数据和云计算在电子政务深度应用方面的战略规划,以反映电子政务建设在提高发达国家政府运转的效率效能,以及进一步改革政府组织架构、运行机制和治理能力等方面的经验和做法。
●
相关链接 在E读中查询图书 在五车中查询图书 在当当中查询图书 在豆瓣中查询图书


正题名:电子政务发展前沿     索取号:D035-39/131         预约/预借

序号 登录号 条形码 馆藏地/架位号 状态 备注
1 0952207   209522079   第一样本阅览室/ [索取号:D035-39/131] 在馆    
2 0952208   209522088   第一借阅区/ [索取号:D035-39/131] 在馆    
3 0952209   209522097   第一借阅区/ [索取号:D035-39/131] 在馆    
4 0952210   209522104   第一借阅区/ [索取号:D035-39/131] 在馆    
5 0952211   209522113   第一借阅区/ [索取号:D035-39/131] 在馆    
唐山师范学院图书馆 欢迎您!
大连网信软件有限公司© 版权所有